[Event "Bundesliga 8990"]
[Site "Germany"]
[Date "1990.??.??"]
[Round "?"]
[White "Schneider, B."]
[Black "Jell, Klaus"]
[Result "1/2-1/2"]
[WhiteElo "2475"]
[BlackElo "2240"]
[PlyCount "105"]
[EventDate "1989.10.??"]
[Source "ChessBase"]
[SourceDate "1999.07.01"]

1. d4 Nf6 2. Nc3 d5 3. Bg5 Bf5 4. f3 Nbd7 5. Nxd5 Nxd5 6. e4 h6 7. Bc1 e5 8. exf5 Qh4+ 9. g3 Qxd4 10. Qxd4 exd4 11. Bd2 O-O-O 12. Bd3 Nb4 13. Bxb4 Bxb4+ 14. Kf2 Bd2 15. Rd1 Be3+ 16. Kg2 Ne5 17. Nh3 Rd6 18. Rhe1 Rhd8 19. Nf2 Bxf2 20. Rxe5 Be3 21. f4 c6 22. Bc4 R6d7 23. a4 Kc7 24. Kf3 b6 25. Re4 a6 26. Bxa6 Ra8 27. Bd3 Rxa4 28. Re8 Rd8 29. Re5 b5 30. f6 g5 31. Bf5 Rf8 32. Be4 Rd8 33. Bxc6 Kxc6 34. Rxe3 gxf4 35. gxf4 Rd6 36. Re4 Kc5 37. Re5+ Kc6 38. Re4 Kc5 39. Rd3 Rxf6 40. Re5+ Kc6 41. f5 Rc4 42. c3 dxc3 43. Rxc3 Rxc3+ 44. bxc3 Rd6 45. Re7 Rd3+ 46. Ke4 Rxc3 47. Rxf7 Rh3 48. f6 Rxh2 49. Ra7 Rf2 50. Ke5 b4 51. f7 Kb5 52. Ke6 b3 53. Ra8 1/2-1/2

[Event "Winter Open"]
[Site "Belgrade SRB"]
[Date "2008.01.23"]
[Round "2"]
[White "Krgovic, V."]
[Black "Todorovic, GM."]
[Result "1/2-1/2"]
[WhiteElo "2234"]
[BlackElo "2470"]
[PlyCount "90"]
[EventDate "2008.01.22"]
[Source "www.chesslib.no"]
[SourceDate "2004.05.04"]

1. d4 d5 2. Nc3 Nf6 3. Bg5 Bf5 4. f3 Nbd7 5. Nxd5 Nxd5 6. e4 h6 7. Bh4 N7b6 8. exf5 Ne3 9. Qc1 Nxf5 10. Bf2 Nxd4 11. c3 Nc6 12. Qc2 e6 13. Rd1 Bd6 14. a3 Qf6 15. Bb5 Qg5 16. Bxc6+ bxc6 17. Kf1 O-O 18. h4 Qb5+ 19. Ne2 Rad8 20. g4 Bc5 21. b4 Rxd1+ 22. Qxd1 Bxf2 23. Kxf2 c5 24. Rg1 cxb4 25. axb4 Nc4 26. g5 e5 27. Qd3 hxg5 28. Rxg5 Re8 29. Nd4 Qa6 30. Nf5 g6 31. Qd7 Qb6+ 32. Ke2 Kf8 33. Qd5 Qe6 34. Ne3 Qxd5 35. Nxd5 c6 36. Nf6 Re6 37. Nd7+ Kg7 38. Nc5 Re8 39. Rg1 Rh8 40. Ra1 Rxh4 41. Rxa7 Kf6 42. Ne4+ Ke6 43. Ng5+ Kf6 44. Ne4+ Ke6 45. Nc5+ Kf6 1/2-1/2

[Event "HUN Ch"]
[Site "Budapest HUN"]
[Date "1982.??.??"]
[Round "?"]
[White "Rajna, George"]
[Black "Szalanczy, Emil"]
[Result "1/2-1/2"]
[WhiteElo "2390"]
[BlackElo "2300"]
[PlyCount "22"]
[EventDate "1982.12.??"]
[Source "www.chesslib.no"]
[SourceDate "2004.05.04"]

1. d4 Nf6 2. Nc3 d5 3. Bg5 Bf5 4. f3 c6 5. Bxf6 exf6 6. e4 dxe4 7. fxe4 Bg6 8. Nf3 Bb4 9. Bd3 O-O 10. O-O Re8 11. e5 Nd7 1/2-1/2

[Event "NED-chT 9697"]
[Site "?"]
[Date "1996.??.??"]
[Round "8"]
[White "Kroeze Frank M"]
[Black "Jonker Marc"]
[Result "1/2-1/2"]
[WhiteElo "2390"]
[BlackElo "2300"]
[PlyCount "160"]
[EventDate "1996.??.??"]
[Source "www.chesslib.no"]
[SourceDate "2004.05.04"]

1. d4 Nf6 2. Nc3 d5 3. Bg5 Bf5 4. f3 Bg6 5. e3 Nbd7 6. Bd3 c6 7. Bxg6 hxg6 8. e4 dxe4 9. fxe4 e5 10. Nf3 Qa5 11. Qd3 exd4 12. Qxd4 Bc5 13. Qc4 Bb4 14. Bd2 Qc5 15. Qxc5 Nxc5 16. e5 Ng4 17. O-O O-O-O 18. a3 Bxc3 19. Bxc3 Ne4 20. Ba5 b6 21. Rae1 Nc5 22. Ng5 bxa5 23. Nxf7 Rhe8 24. b4 axb4 25. axb4 Ne6 26. Nxd8 Kxd8 27. Re4 Nh6 28. g4 Ke7 29. Ra1 Ra8 30. Ra6 Kd7 31. c4 Nf7 32. b5 cxb5 33. cxb5 Nc5 34. Rd4+ Ke7 35. Ra3 Ne6 36. Rd5 g5 37. b6 a6 38. Rda5 Rb8 39. Rxa6 Nxe5 40. Rb3 Kd7 41. Rb5 Nd4 42. Ra7+ Kc6 43. Rxe5 Nf3+ 44. Kg2 Nxe5 45. Rxg7 Rxb6 46. Rxg5 Kd5 47. h3 Ke4 48. Rg8 Ng6 49. Re8+ Kf4 50. Kf2 Rb3 51. Re6 Nh4 52. Rf6+ Kg5 53. Ra6 Rf3+ 54. Ke2 Rxh3 55. Ra5+ Kxg4 56. Ra4+ Kg5 57. Ra5+ Nf5 58. Ra4 Kf6 59. Ra5 Ke6 60. Kf2 Nd6 61. Ra4 Kf5 62. Ke2 Ne4 63. Ra8 Nc3+ 64. Kf2 Ne4+ 65. Ke2 Nf6 66. Ra4 Nd5 67. Kd2 Ke5 68. Ra8 Rg3 69. Ra4 Nc3 70. Rb4 Kd5 71. Rb8 Kc4 72. Rb7 Rd3+ 73. Ke1 Rf3 74. Kd2 Rh3 75. Rb8 Kc5 76. Kc2 Nd5 77. Ra8 Nb6 78. Rb8 Nd5 79. Ra8 Ne3+ 80. Kd3 Nd5+ 1/2-1/2

[Event "HUN-chT 0102"]
[Site "?"]
[Date "2002.02.10"]
[Round "7"]
[White "Mozes Ervin"]
[Black "Lorincz Istvan"]
[Result "1-0"]
[WhiteElo "2349"]
[BlackElo "2340"]
[PlyCount "83"]
[EventDate "2002.??.??"]
[Source "www.chesslib.no"]
[SourceDate "2004.05.04"]

1. d4 Nf6 2. Nc3 d5 3. Bg5 Bf5 4. f3 c5 5. e4 cxd4 6. Qxd4 Nc6 7. Bb5 dxe4 8. Bxf6 exf6 9. Qxd8+ Rxd8 10. fxe4 Bg6 11. Nge2 Bd6 12. Nd4 Bg3+ 13. hxg3 Rxd4 14. Rd1 Rxd1+ 15. Kxd1 Kd8 16. Bxc6 bxc6 17. Kd2 Re8 18. Re1 Kc7 19. Re3 Re5 20. Ke2 Kd6 21. Kf3 f5 22. Kf4 h5 23. Rd3+ Ke6 24. Rd8 Rc5 25. exf5+ Rxf5+ 26. Ke3 Re5+ 27. Kd2 Rg5 28. Ne2 Ke7 29. Rd4 a5 30. b4 f6 31. a3 Re5 32. c4 axb4 33. axb4 Be4 34. Nf4 g5 35. Nd3 Bxd3 36. Rxd3 Rf5 37. Re3+ Kd6 38. Rf3 Rxf3 39. gxf3 f5 40. Ke3 c5 41. b5 Kc7 42. Kf2 1-0

[Event "POL-ch U20"]
[Site "Trzebinia"]
[Date "2002.04.15"]
[Round "5"]
[White "Heberla, Bartolomiej"]
[Black "Barglowski, Filip"]
[Result "1-0"]
[WhiteElo "2426"]
[BlackElo "2262"]
[PlyCount "71"]
[EventDate "2002.04.12"]
[Source "ChessBase"]
[SourceDate "2002.05.03"]

1. Nc3 d5 2. d4 Nf6 3. Bg5 Bf5 4. f3 c6 5. e3 Nbd7 6. Bd3 Bxd3 7. Qxd3 h6 8. Bh4 e5 9. Nge2 Be7 10. O-O-O Qa5 11. Kb1 O-O 12. Bxf6 Bxf6 13. Qf5 exd4 14. Nxd4 Nc5 15. e4 Na4 16. Nxa4 Qxa4 17. e5 Bd8 18. f4 Bb6 19. Nf3 Rad8 20. Rhe1 Qb4 21. g4 Rde8 22. c3 Qc4 23. Nd2 Qc5 24. g5 hxg5 25. Qxg5 Qe7 26. Qh5 f6 27. e6 Qd6 28. f5 Qf4 29. Nf3 Bc5 30. Rd2 Be3 31. Rde2 Qh6 32. Qg4 Bc5 33. Rg2 Bd6 34. Nh4 Qg5 35. Ng6 Rc8 36. Qh3 1-0

[Event "Munich Open 9192"]
[Site "Munich GER"]
[Date "1992.??.??"]
[Round "9"]
[White "Wach, Markus"]
[Black "Klundt, Klaus"]
[Result "0-1"]
[WhiteElo "2265"]
[BlackElo "2410"]
[PlyCount "90"]
[EventDate "1992.01.??"]
[Source "www.chesslib.no"]
[SourceDate "2004.05.04"]

1. d4 Nf6 2. Nc3 d5 3. Bg5 Bf5 4. f3 c6 5. Bxf6 exf6 6. e4 dxe4 7. fxe4 Bg6 8. Nf3 Bb4 9. Bd3 O-O 10. O-O Nd7 11. Ne2 Re8 12. c3 Bd6 13. Qc2 Qc7 14. Rae1 Re7 15. Kh1 Rae8 16. Neg1 c5 17. Qb1 Nb8 18. Nh4 Bxh2 19. Nxg6 hxg6 20. e5 Bxg1 21. Kxg1 cxd4 22. exf6 Rxe1 23. Rxe1 Rxe1+ 24. Qxe1 gxf6 25. cxd4 Nc6 26. Qf2 f5 27. Bb5 Nb4 28. b3 Qb6 29. Bc4 Kf8 30. Qf4 Nc6 31. Qh6+ Ke8 32. Qe3+ Ne7 33. Kf1 Qd6 34. Ke2 Kf8 35. Kd3 Nc6 36. Qh6+ Kg8 37. Qe3 Kg7 38. a3 Qxa3 39. d5 Qd6 40. Ke2 f4 41. Qc3+ Ne5 42. Qd4 a6 43. Qxf4 b5 44. Bd3 Qxd5 45. Be4 Qd4 0-1

[Event "XXIV ECC"]
[Site "Kallithea GRE"]
[Date "2008.10.23"]
[Round "7"]
[White "Karttunen, M."]
[Black "Upton, T."]
[Result "1-0"]
[WhiteElo "2411"]
[BlackElo "2255"]
[PlyCount "81"]
[EventDate "2008.10.17"]
[Source "www.chesslib.no"]
[SourceDate "2004.05.04"]

1. d4 d5 2. Nc3 Nf6 3. Bg5 Bf5 4. f3 Bg6 5. Qd2 e6 6. O-O-O Be7 7. h4 h6 8. Bf4 Nh5 9. e4 Bb4 10. Be5 dxe4 11. d5 Nd7 12. Bb5 O-O 13. Bxd7 Qxd7 14. g4 Nf6 15. Bxf6 gxf6 16. Rh3 Bxc3 17. Qxc3 exd5 18. h5 Bh7 19. f4 Rae8 20. f5 Re5 21. Qe3 Kg7 22. Qxa7 b6 23. Ne2 e3 24. Rd3 Rfe8 25. Qa3 Re4 26. Rg3 d4 27. Qb4 Rd8 28. c3 Qd5 29. cxd4 c5 30. Qb5 cxd4 31. Qxd5 Rxd5 32. Rg1 Kf8 33. b4 b5 34. Nc3 dxc3 35. Rxd5 e2 36. Re1 Rxg4 37. Rxe2 Rg1+ 38. Kc2 Rg4 39. Rf2 Rh4 40. Rxb5 Rh3 41. a4 1-0

[Event "Zuerich Open"]
[Site "Zurich SUI"]
[Date "1993.??.??"]
[Round "?"]
[White "Donev, Ivo H"]
[Black "Schumi, Manfred"]
[Result "1/2-1/2"]
[WhiteElo "2410"]
[BlackElo "2255"]
[PlyCount "80"]
[EventDate "1993.??.??"]
[Source "www.chesslib.no"]
[SourceDate "2004.05.04"]

1. d4 Nf6 2. Nc3 d5 3. Bg5 Bf5 4. f3 Nbd7 5. Nxd5 Nxd5 6. e4 h6 7. Bd2 e6 8. exf5 Qh4+ 9. g3 Qxd4 10. fxe6 fxe6 11. c3 Qe5+ 12. Qe2 Bc5 13. f4 Qxe2+ 14. Bxe2 O-O-O 15. O-O-O e5 16. Nh3 Ne3 17. Rde1 Ng2 18. Ref1 Ne3 19. Rf3 exf4 20. Nxf4 Rhe8 21. Bb5 c6 22. Nd3 Bb6 23. Re1 Ng4 24. Rxe8 Rxe8 25. Ba4 Nde5 26. Nxe5 Nxe5 27. Rf1 Nc4 28. Bb3 Nxd2 29. Kxd2 Re7 30. Rf3 Bc5 31. Bc2 Kc7 32. b4 Bd6 33. Bd3 Be5 34. Rf8 Bf6 35. Ra8 a6 36. Rf8 Rd7 37. a4 Rd8 38. Rxd8 Kxd8 39. Be4 Kc7 40. Kd3 b6 1/2-1/2

[Event "Yerevan op"]
[Site "Yerevan"]
[Date "1996.??.??"]
[Round "8"]
[White "Khachian, Melikset"]
[Black "Goletiani, Rusudan"]
[Result "1/2-1/2"]
[WhiteElo "2440"]
[BlackElo "2225"]
[PlyCount "106"]
[EventDate "1996.??.??"]
[Source "www.chesslib.no"]
[SourceDate "2004.05.04"]

1. d4 d5 2. Nc3 Nf6 3. Bg5 Bf5 4. f3 Bg6 5. Qd2 e6 6. O-O-O Bb4 7. Nh3 Nbd7 8. a3 Be7 9. Nf4 c5 10. dxc5 Nxc5 11. e4 dxe4 12. Bb5+ Kf8 13. Qe2 Qa5 14. Nxg6+ hxg6 15. fxe4 a6 16. e5 axb5 17. exf6 gxf6 18. Bd2 b4 19. Na2 Qc7 20. Bxb4 Rxh2 21. Qf3 Kg7 22. Rxh2 Qxh2 23. Bxc5 Bxc5 24. Qxb7 Qf4+ 25. Kb1 Rb8 26. Qa6 Qe5 27. b4 Qe4 28. Qf1 f5 29. Qd3 Be7 30. Qxe4 fxe4 31. c4 f5 32. Kc2 Kf6 33. c5 f4 34. Nc3 Ke5 35. c6 f3 36. b5 Bc5 37. gxf3 exf3 38. Na4 Bd4 39. Kd3 f2 40. Ke2 g5 41. c7 Rc8 42. Rc1 Kd6 43. b6 Bxb6 44. Nxb6 Rxc7 45. Nc4+ Kd5 46. Ne3+ Kd6 47. Rxc7 Kxc7 48. Kxf2 Kb6 49. Kf3 Kb5 50. Kg4 Ka4 51. Nc2 Kb3 52. Kxg5 Kxc2 53. a4 e5 1/2-1/2

[Event "Baerum"]
[Site "Baerum"]
[Date "1980.??.??"]
[Round "1"]
[White "Johnsen, O."]
[Black "Hoen, Ragnar"]
[Result "0-1"]
[WhiteElo "2260"]
[BlackElo "2395"]
[PlyCount "80"]
[EventDate "1980.08.??"]
[Source "ChessBase"]

1. d4 Nf6 2. Nc3 d5 3. Bg5 Bf5 4. f3 Bg6 5. e3 e6 6. Bd3 c5 7. Nge2 Nc6 8. O-O cxd4 9. exd4 Be7 10. Qd2 O-O 11. Bxg6 hxg6 12. Kh1 Rc8 13. Nd1 Na5 14. b3 Qc7 15. c3 Nc6 16. Nf2 Rfe8 17. Bxf6 gxf6 18. Qh6 Bf8 19. Qh4 Bg7 20. f4 f5 21. Nh3 f6 22. g4 Kf7 23. g5 Rh8 24. Qg3 Rh5 25. gxf6 Bxf6 26. Rg1 Ne7 27. Rg2 Rch8 28. Nf2 Bh4 29. Qe3 Bxf2 30. Qxf2 Ng8 31. Rag1 Nf6 32. Rxg6 Rxh2+ 33. Qxh2 Rxh2+ 34. Kxh2 Ng4+ 35. R1xg4 fxg4 36. Rxg4 Qa5 37. b4 Qxa2 38. Rg2 Qd2 39. Kg1 Qe1+ 40. Kh2 b6 0-1

[Event "Fencible Masters"]
[Site "Fencible"]
[Date "1997.??.??"]
[Round "3"]
[White "Solomon, Stephen J"]
[Black "Levi, Eddy"]
[Result "1-0"]
[WhiteElo "2395"]
[BlackElo "2260"]
[PlyCount "97"]
[EventDate "1997.??.??"]
[Source "www.chesslib.no"]
[SourceDate "2004.05.04"]

1. d4 Nf6 2. Nc3 d5 3. Bg5 Bf5 4. f3 Nbd7 5. Nxd5 Nxd5 6. e4 h6 7. Bh4 Ne3 8. Qd3 Nxf1 9. exf5 c6 10. Kxf1 Qb6 11. b3 O-O-O 12. Ne2 Nf6 13. c4 e5 14. fxe6 fxe6 15. a4 a5 16. Bf2 c5 17. Qe3 Nd7 18. Qc3 cxd4 19. Bxd4 Bc5 20. Re1 e5 21. Bxc5 Nxc5 22. Nc1 e4 23. fxe4 Rhf8+ 24. Kg1 Nxb3+ 25. c5 Qxc5+ 26. Qxc5+ Nxc5 27. h4 Rd4 28. Rh3 Rxa4 29. Rc3 b6 30. Nd3 Ra2 31. Rb1 Rf6 32. Nxc5 bxc5 33. Rxc5+ Kd7 34. Rb7+ Kd6 35. Rd5+ Ke6 36. Rxg7 Ra4 37. g3 Rxe4 38. Rxa5 Re1+ 39. Kg2 Ref1 40. Ra6+ Ke5 41. Re7+ Kd5 42. Rd7+ Ke5 43. Ra2 Ke6 44. Rh7 R1f5 45. Ra6+ Ke5 46. Rxh6 Rf2+ 47. Kh3 Rf8 48. Rad6 R2f3 49. Kg4 1-0

[Event "Hallsberg op U18"]
[Site "?"]
[Date "2002.??.??"]
[Round "7"]
[White "Heberla Bartolomiej"]
[Black "Landgren Philip"]
[Result "1-0"]
[WhiteElo "2433"]
[BlackElo "2219"]
[PlyCount "101"]
[EventDate "2002.??.??"]
[Source "www.chesslib.no"]
[SourceDate "2004.05.04"]

1. Nc3 Nf6 2. d4 d5 3. Bg5 Bf5 4. f3 Nbd7 5. e3 h6 6. Bh4 c6 7. Bd3 Bxd3 8. Qxd3 e6 9. O-O-O b5 10. e4 b4 11. Nce2 Qa5 12. Kb1 Be7 13. e5 Ng8 14. Be1 h5 15. c4 bxc3 16. Bxc3 Qb5 17. Qd2 Nb6 18. Ka1 a5 19. Nf4 Nc4 20. Qc1 Rb8 21. Nge2 a4 22. h4 g6 23. Rdg1 Bb4 24. Bxb4 Qxb4 25. Nd3 Qb6 26. g4 Ne7 27. Qc3 c5 28. dxc5 Qa6 29. Nd4 Nc6 30. Nxc6 Qxc6 31. Nb4 Qb5 32. a3 Rc8 33. Nd3 Rb8 34. Rc1 Qb3 35. Nb4 Qxc3 36. Rxc3 Nxe5 37. Re1 f6 38. g5 Kd7 39. gxf6 Nc4 40. Rg1 Ne5 41. c6+ Kd6 42. f4 Ng4 43. c7 Rbc8 44. Re1 Kd7 45. Na6 Nxf6 46. Nc5+ Ke7 47. Nxe6 Kf7 48. Ng5+ Kf8 49. Re6 Ne8 50. Kb1 Rg8 51. Rce3 1-0

[Event "Banja Vrucica"]
[Site "Banja Vrucica YUG"]
[Date "1987.??.??"]
[Round "7"]
[White "Lalic, Nedim"]
[Black "Kojder, Konrad"]
[Result "1-0"]
[WhiteElo "2360"]
[BlackElo "2290"]
[PlyCount "77"]
[EventDate "1987.??.??"]
[Source "www.chesslib.no"]
[SourceDate "2004.05.04"]

1. d4 Nf6 2. Nc3 d5 3. Bg5 Bf5 4. f3 c6 5. Qd2 Nbd7 6. O-O-O h6 7. Bh4 Qb6 8. g4 Bh7 9. e3 e6 10. Bd3 Bxd3 11. Qxd3 c5 12. Bg3 cxd4 13. exd4 Rc8 14. Nge2 Bd6 15. h4 Bxg3 16. Nxg3 Qc7 17. Rhg1 a6 18. Rde1 Kf8 19. Kb1 Nb6 20. g5 hxg5 21. hxg5 Nh5 22. Nxh5 Rxh5 23. g6 Rh6 24. gxf7 Qxf7 25. Rh1 Rxh1 26. Rxh1 Ke7 27. Rg1 Rf8 28. a4 Kd6 29. Qe2 Qf6 30. Rg4 Nd7 31. Qh2+ Kc6 32. Na2 a5 33. Qe2 Qxf3 34. Qxe6+ Kc7 35. Rxg7 Rd8 36. Qe1 b6 37. Nc3 Kb8 38. Nb5 Qf4 39. Rxd7 1-0

[Event "HUN-chT2 0203 Charousek"]
[Site "?"]
[Date "2003.02.16"]
[Round "7"]
[White "Portisch Gabor"]
[Black "Kiss Gedeon"]
[Result "1-0"]
[WhiteElo "2328"]
[BlackElo "2318"]
[PlyCount "63"]
[EventDate "2003.??.??"]
[Source "www.chesslib.no"]
[SourceDate "2004.05.04"]

1. d4 Nf6 2. Nc3 d5 3. Bg5 Bf5 4. f3 Nbd7 5. e3 h6 6. Bf4 c6 7. Bd3 Bxd3 8. Qxd3 e6 9. Nge2 Be7 10. O-O O-O 11. g4 c5 12. Kh1 Rc8 13. Rg1 Nh7 14. Raf1 Bf6 15. Bg3 Qb6 16. h4 Qd8 17. Rf2 Bxh4 18. Bxh4 Qxh4+ 19. Rh2 Qe7 20. f4 cxd4 21. exd4 f5 22. gxf5 exf5 23. Rxh6 Rc6 24. Rh2 Qe6 25. Qh3 Ndf6 26. Ng3 Qe3 27. Nxf5 Qxh3 28. Rxg7+ Kh8 29. Rxh3 Rg8 30. Rxb7 Re6 31. Re7 Rxe7 32. Nxe7 1-0

[Event "Odorheiu Secuiesc Open"]
[Site "Odorheiu Secuiesc"]
[Date "1993.??.??"]
[Round "3"]
[White "Demeny, Miklos Nicolae"]
[Black "Bach, Adrian"]
[Result "0-1"]
[WhiteElo "2300"]
[BlackElo "2345"]
[PlyCount "76"]
[EventDate "1993.05.??"]
[Source "www.chesslib.no"]
[SourceDate "2004.05.04"]

1. d4 d5 2. Nc3 Nf6 3. Bg5 Bf5 4. f3 c6 5. Qd2 Nbd7 6. O-O-O Qa5 7. e4 dxe4 8. fxe4 Bg4 9. Be2 Bxe2 10. Ngxe2 O-O-O 11. Rhf1 e6 12. Kb1 Bb4 13. Qc1 h6 14. Bxf6 gxf6 15. a3 Be7 16. Rd3 Rhg8 17. Rg3 Rg5 18. Rxg5 hxg5 19. Nd1 Bxa3 20. c4 Be7 21. Ne3 c5 22. d5 Ne5 23. h3 Rd6 24. Qc3 Qa4 25. Qc2 Qb4 26. Qc3 Rb6 27. Rc1 Qa4 28. Qc2 Qa6 29. Ng4 Nxg4 30. hxg4 Bd6 31. Qd3 Be5 32. Nc3 Rb4 33. Nd1 Ra4 34. Nc3 Qxc4 35. Qxc4 Rxc4 36. Nb5 Rxc1+ 37. Kxc1 a6 38. Na3 b5 0-1

[Event "Ostrava op-A"]
[Site "?"]
[Date "2002.05.21"]
[Round "5"]
[White "Mudrak Josef"]
[Black "Machycek Lubomir"]
[Result "0-1"]
[WhiteElo "2387"]
[BlackElo "2258"]
[PlyCount "134"]
[EventDate "2002.??.??"]
[Source "www.chesslib.no"]
[SourceDate "2004.05.04"]

1. d4 Nf6 2. Nc3 d5 3. Bg5 Bf5 4. f3 c5 5. Bxf6 exf6 6. e4 dxe4 7. fxe4 cxd4 8. exf5 dxc3 9. Qxd8+ Kxd8 10. O-O-O+ Kc7 11. bxc3 Ba3+ 12. Kb1 Nc6 13. Ne2 Rad8 14. Nd4 Bc5 15. Bc4 Bxd4 16. cxd4 Rxd4 17. Bxf7 Rhd8 18. Rxd4 Rxd4 19. h3 Ne5 20. Be6 Kd6 21. Kc1 g5 22. c3 Rd3 23. Kc2 h5 24. Re1 Rg3 25. Rd1+ Kc7 26. Bd5 h4 27. Rb1 b6 28. Re1 Kd6 29. Ba8 Kd7 30. Rd1+ Kc7 31. Rd4 g4 32. hxg4 Rxg4 33. Kd2 Rxd4+ 34. cxd4 Nc4+ 35. Kd3 Nd6 36. a4 Nxf5 37. Ke4 Ne7 38. Kf4 Kd6 39. Kg4 Ke6 40. Bb7 Kd6 41. Kf4 Ke6 42. Ke4 Kd7 43. Kf4 Kd6 44. Kg4 Ke6 45. Kf4 Nd5+ 46. Kg4 Nc3 47. Bc6 Ne2 48. d5+ Kd6 49. Kxh4 Nf4 50. Kg3 Nxd5 51. Bb5 Kc5 52. Kg4 a5 53. g3 Nc3 54. Be8 Kd6 55. Kf5 Ke7 56. Bc6 Ne2 57. Kg4 Nd4 58. Bd5 Kd6 59. Bf7 Ke5 60. Be8 f5+ 61. Kg5 Ne6+ 62. Kh4 Nc5 63. Bb5 Ne4 64. Kh3 f4 65. g4 f3 66. Kh2 Kf4 67. Bd7 Nf6 0-1

[Event "DEN Team Ch 8990"]
[Site "Denmark"]
[Date "1989.??.??"]
[Round "1"]
[White "Fries Nielsen, Niels J"]
[Black "Norgaard, Jesper"]
[Result "1/2-1/2"]
[WhiteElo "2340"]
[BlackElo "2305"]
[PlyCount "66"]
[EventDate "1989.??.??"]
[Source "www.chesslib.no"]
[SourceDate "2004.05.04"]

1. Nc3 Nf6 2. d4 d5 3. Bg5 Bf5 4. f3 Nbd7 5. Nxd5 Nxd5 6. e4 h6 7. Bc1 e5 8. exf5 Qh4+ 9. g3 Qxd4 10. Qxd4 exd4 11. Bd3 Ne5 12. Be4 O-O-O 13. a3 Nf6 14. Bf4 Nc4 15. O-O-O Bd6 16. Ne2 Bxf4+ 17. gxf4 Rhe8 18. Bd3 Ne3 19. Rdg1 Nh5 20. Kd2 c5 21. b3 a6 22. Be4 Nd5 23. Rg4 Ndf6 24. Rh4 Kc7 25. Rg1 b5 26. Kd3 Kb6 27. Ng3 Nxg3 28. Rxg3 Rg8 29. Rhh3 Rd7 30. Rg1 Rc7 31. Rhg3 Nh5 32. Rg4 Rd7 33. R1g2 Rc7 1/2-1/2

[Event "FIN-chT 9798"]
[Site "Finland"]
[Date "1997.??.??"]
[Round "3"]
[White "Manninen, Marko"]
[Black "Paldanius, Pekka"]
[Result "1/2-1/2"]
[WhiteElo "2380"]
[BlackElo "2260"]
[PlyCount "125"]
[EventDate "1997.??.??"]
[Source "www.chesslib.no"]
[SourceDate "2004.05.04"]

1. d4 Nf6 2. Nc3 d5 3. Bg5 Bf5 4. f3 c6 5. Qd2 Nbd7 6. g4 Bg6 7. Nh3 h6 8. Bh4 Bh7 9. Bg3 e6 10. Nf2 Bb4 11. Nd3 Be7 12. e3 Qa5 13. a3 a6 14. Be2 c5 15. dxc5 Nxc5 16. Nxc5 Bxc5 17. Be5 Qd8 18. h4 Bd6 19. Bxd6 Qxd6 20. O-O-O O-O-O 21. g5 Nh5 22. Rhg1 Ng3 23. f4 Ne4 24. Nxe4 Bxe4 25. Qc3+ Qc7 26. Qxc7+ Kxc7 27. gxh6 g6 28. h5 Rxh6 29. hxg6 Bxg6 30. Bd3 Bxd3 31. Rxd3 Rdh8 32. Rdd1 Rh2 33. Rg7 R8h7 34. Rdg1 Kd6 35. Rxh7 Rxh7 36. Kd2 Rh2+ 37. Kd3 Rh7 38. Rg8 Kd7 39. Rf8 Rg7 40. Kd4 Kd6 41. b3 f5 42. a4 Rc7 43. Rd8+ Ke7 44. Rb8 Kd6 45. c3 Rh7 46. a5 Rd7 47. Rc8 Rh7 48. c4 dxc4 49. Rxc4 Rh1 50. Rb4 Rd1+ 51. Kc3 Rc1+ 52. Kd2 Rc7 53. Kd3 Ke7 54. Kd4 Kf6 55. Rb6 Ke7 56. e4 fxe4 57. Kxe4 Rd7 58. b4 Kf7 59. b5 axb5 60. Rxb5 Kf6 61. Rb6 Rd5 62. Rxb7 Rxa5 63. Rb4 1/2-1/2

[Event "CZE-chT9900"]
[Site "CZE"]
[Date "2000.??.??"]
[Round "9"]
[White "Turner, Jan"]
[Black "Pacovsky, Jiri"]
[Result "0-1"]
[WhiteElo "2285"]
[BlackElo "2340"]
[PlyCount "66"]
[EventDate "1999.??.??"]
[Source "www.chesslib.no"]
[SourceDate "2004.05.04"]

1. d4 d5 2. Nc3 Nf6 3. Bg5 Bf5 4. f3 c6 5. Bxf6 exf6 6. e4 dxe4 7. fxe4 Bg6 8. Nf3 Bb4 9. Bd3 O-O 10. O-O Re8 11. e5 Nd7 12. Bxg6 hxg6 13. exf6 Nxf6 14. Qd3 Qb6 15. a3 Bd6 16. b3 Qc7 17. Kh1 Rad8 18. b4 Bf4 19. Nd1 Rd5 20. g3 Bxg3 21. hxg3 Qxg3 22. Nh2 Qh4 23. Rxf6 gxf6 24. Ne3 Rh5 25. Nef1 Rg5 26. c3 Kg7 27. Ra2 Qe1 28. Rg2 Rxg2 29. Kxg2 Re2+ 30. Kh3 Qf2 31. Qf3 Qxf3+ 32. Nxf3 Rc2 33. N1d2 Rxc3 0-1

[Event "Bad Woerishofen op"]
[Site "Bad Woerishofen"]
[Date "2000.03.24"]
[Round "8"]
[White "Laengl, Juergen"]
[Black "Heinbuch, Detlef"]
[Result "0-1"]
[WhiteElo "2229"]
[BlackElo "2394"]
[PlyCount "56"]
[EventDate "2000.03.??"]
[Source "ChessBase"]
[SourceDate "2000.05.11"]

1. d4 d5 2. Nc3 Nf6 3. Bg5 Bf5 4. f3 Bg6 5. Nh3 c6 6. Nf4 e6 7. Qd2 Bb4 8. h4 h6 9. Nxg6 fxg6 10. Bf4 Nbd7 11. Qd3 Kf7 12. g4 Qe7 13. a3 Ba5 14. O-O-O e5 15. Bg3 exd4 16. Na2 Bb6 17. Bh3 Ne5 18. Qd2 Nc4 19. Qe1 Rae8 20. Rh2 c5 21. Kb1 Bc7 22. c3 dxc3 23. Nxc3 d4 24. Ne4 Nxe4 25. fxe4 Qxe4+ 26. Rd3 Qxd3+ 27. exd3 Rxe1+ 28. Bxe1 Nxa3+ 0-1

[Event "La Coruna TH Open"]
[Site "La Coruna"]
[Date "1995.??.??"]
[Round "4"]
[White "Renteria, Jorge E"]
[Black "Bernal Moro, Luis J"]
[Result "0-1"]
[WhiteElo "2215"]
[BlackElo "2400"]
[PlyCount "98"]
[EventDate "1995.07.??"]
[Source "www.chesslib.no"]
[SourceDate "2004.05.04"]

1. d4 Nf6 2. Nc3 d5 3. Bg5 Bf5 4. f3 Nbd7 5. Qd2 h6 6. Bf4 a6 7. g4 Bg6 8. h4 e6 9. h5 Bh7 10. g5 hxg5 11. Bxg5 c5 12. e3 cxd4 13. exd4 Qb6 14. O-O-O O-O-O 15. Bg2 Bd6 16. h6 gxh6 17. Rxh6 Bg6 18. Nge2 Rxh6 19. Bxh6 Rg8 20. Rg1 Bf5 21. Bf1 Rxg1 22. Nxg1 Nb8 23. Nh3 Nc6 24. Be3 Nb4 25. Ng5 Qc7 26. Bd3 Bxd3 27. cxd3 Nxa2+ 28. Kb1 Nb4 29. Qd1 Bf4 30. Qd2 Nh5 31. Nd1 Bxe3 32. Nxe3 Nc6 33. Nc2 Ng7 34. Qc1 Qe7 35. Qf4 Nf5 36. Qg4 Qf6 37. Qh5 Nd8 38. f4 Nxd4 39. Nxf7 Nxf7 40. Nxd4 Qxd4 41. Qxf7 Qxd3+ 42. Kc1 Qc4+ 43. Kd2 Qb4+ 44. Kd3 Qb3+ 45. Kd4 Qxb2+ 46. Kc5 Qa3+ 47. Kb6 Qe3+ 48. Ka5 Qc5+ 49. Ka4 Qd6 0-1

[Event "BL2-Ost 0001"]
[Site "Germany"]
[Date "2000.12.10"]
[Round "3.3"]
[White "Foetsch, Daniel"]
[Black "Zude, Arno"]
[Result "0-1"]
[WhiteElo "2267"]
[BlackElo "2346"]
[PlyCount "62"]
[EventDate "2000.10.15"]
[Source "ChessBase"]
[SourceDate "2001.07.03"]

1. d4 Nf6 2. Nc3 d5 3. Bg5 Bf5 4. f3 Nbd7 5. e3 c6 6. Bd3 Bxd3 7. Qxd3 Qa5 8. Nge2 g6 9. O-O Bg7 10. b4 Qb6 11. Rab1 O-O 12. Na4 Qc7 13. Nc5 e5 14. c4 exd4 15. Bf4 Ne5 16. Bxe5 Qxe5 17. exd4 Qe7 18. Nc3 Rfe8 19. Rfe1 Qxe1+ 20. Rxe1 Rxe1+ 21. Kf2 Re7 22. Nb3 dxc4 23. Qxc4 Rae8 24. b5 cxb5 25. Nxb5 a6 26. Nc3 Rd8 27. a4 Red7 28. Ne2 Ne8 29. g4 Nc7 30. Nf4 Nd5 31. Nc5 Nb6 0-1

[Event "Kecskemet op1"]
[Site "?"]
[Date "1990.??.??"]
[Round "5"]
[White "Brandics Jozsef"]
[Black "Gyimesi Zoltan"]
[Result "1-0"]
[WhiteElo "2325"]
[BlackElo "2280"]
[PlyCount "51"]
[EventDate "1990.??.??"]
[Source "www.chesslib.no"]
[SourceDate "2004.05.04"]

1. d4 Nf6 2. Bg5 d5 3. Nc3 Bf5 4. f3 Nbd7 5. e4 dxe4 6. Bc4 exf3 7. Nxf3 e6 8. d5 Bb4 9. dxe6 Qe7 10. Qxd7+ Nxd7 11. Bxe7 Bxc3+ 12. bxc3 Nb6 13. exf7+ Kxe7 14. Bb3 c5 15. Nd2 Rad8 16. Rf1 Bg6 17. O-O-O Rhf8 18. Nc4 Nd5 19. Na5 Ne3 20. Rxd8 Rxd8 21. Rf3 Rd1+ 22. Kb2 Nxc2 23. Nxb7 Rd2 24. Kc1 Rxg2 25. Nxc5 Rg1+ 26. Kb2 1-0

[Event "HUN Ch U18"]
[Site "Paks HUN"]
[Date "1994.??.??"]
[Round "?"]
[White "Cseke, Richard"]
[Black "Gyimesi, Zoltan"]
[Result "0-1"]
[WhiteElo "2240"]
[BlackElo "2360"]
[PlyCount "58"]
[EventDate "1994.??.??"]
[Source "www.chesslib.no"]
[SourceDate "2004.05.04"]

1. d4 d5 2. Nc3 Nf6 3. Bg5 Bf5 4. f3 Nbd7 5. Nxd5 Nxd5 6. e4 h6 7. Bh4 Ne3 8. Qd3 Nxf1 9. exf5 Nc5 10. dxc5 Qxd3 11. cxd3 Ne3 12. Kd2 Nxf5 13. Bf2 h5 14. Ne2 g6 15. Nd4 Bh6+ 16. Ke2 c6 17. Nb3 O-O-O 18. g4 Ng7 19. h3 Ne6 20. Be3 Bxe3 21. Kxe3 g5 22. h4 hxg4 23. hxg5 gxf3 24. Rhg1 Rh5 25. Kxf3 Rxd3+ 26. Ke4 Rd5 27. g6 Ng5+ 28. Rxg5 Rhxg5 29. gxf7 Rgf5 0-1